Сборник № 89/46 : Совершенствование буровзрывных работ в народном хозяйстве; Взрывное дело

Dettagli Bibliografici
Parent link:Взрывное дело: [сборник статей]/ Научно-техническое горное общество. Сборник № 89/46 : Совершенствование буровзрывных работ в народном хозяйстве.— , 1930-1990
Altri autori: Симкин Б. А. (редактор), Сеинов Н. П., Жарикова И. Ф.
Lingua:russo
Pubblicazione: 1986
Soggetti:
Natura: MixedMaterials Libro
KOHA link:https://koha.lib.tpu.ru/cgi-bin/koha/opac-detail.pl?biblionumber=266061

MARC

LEADER 00000nam2a2200000 4500
001 266061
005 20231101233954.0
035 |a (RuTPU)RU\TPU\book\289064 
035 |a RU\TPU\book\219665 
090 |a 266061 
100 |a 20140702d1986 k y0rusy5003 ca 
101 0 |a rus 
102 |a RU 
105 |a a z 001zy 
200 0 |a Сборник № 89/46 : Совершенствование буровзрывных работ в народном хозяйстве  |f под ред. Б. А. Симкина, Н. П. Сеинова, И. Ф. Жариковой 
210 |d 1986 
215 |a 253 с.  |c ил. 
320 |a Библиогр. в конце ст. 
461 1 |0 (RuTPU)RU\TPU\book\218495  |t Взрывное дело  |o [сборник статей]  |f Научно-техническое горное общество  |v Сборник № 89/46 : Совершенствование буровзрывных работ в народном хозяйстве  |d 1930-1990 
606 1 |a Взрывное дело  |2 stltpush  |3 (RuTPU)RU\TPU\subj\2379  |9 30955 
610 1 |a буровзрывные работы 
610 1 |a народное хозяйство 
610 1 |a совершенствование 
610 1 |a теоретические исследования 
610 1 |a экспериментальные исследования 
610 1 |a бурение 
610 1 |a техника 
610 1 |a достижения 
610 1 |a взрывчатые вещества 
675 |a 622.235  |z rus  |v 3 
702 1 |a Симкин  |b Б. А.  |4 340 
702 1 |a Сеинов  |b Н. П.  |4 340 
702 1 |a Жарикова  |b И. Ф.  |4 340 
801 0 |a RU  |b RuMRKP  |c 19950417  |g psbo 
801 1 |a RU  |b 63413507  |c 20110907 
801 2 |a RU  |b 63413507  |c 20191225  |g RCR 
942 |c BK